00656nam a2200145 a 450000100100000000500170001000800410002704000250006811001060009324500970019926000640029630000360036065100510039671000630044700002616720250221073755.0090709s1970 dr c 000 0 spa d aDO-SdBNPbspacBNPHU1 aRepública Dominicana.bSecretariado Técnico de la Presidencia.bOficina Nacional de Estadística10aDía de la estadística nacional :bReseña historica de la primera conmemoración 1970. aSanto Domingo :bOficina Nacional de Estadística:,c1970. a87 p. ; :bil., retr. ;c28 cm. 4aRepública DominicanaxServicios Estadisticos1 aRepública Dominicana.bOficina Nacional de Estadística